Shafers Medical Surgical Nursing (Record no. 151901)

MARC details
000 -LEADER
fixed length control field 00339nam a2200121Ia 4500
008 - FIXED-LENGTH DATA ELEMENTS--GENERAL INFORMATION
fixed length control field 230411s9999 xx 000 0 und d
041 ## - LANGUAGE CODE
Language code of text/sound track or separate title eng
082 ## - DEWEY DECIMAL CLASSIFICATION NUMBER
Classification number MS/610.73677/PHI/B00428
100 ## - MAIN ENTRY--PERSONAL NAME
Personal name Phipps S M & Woods P
245 ## - TITLE STATEMENT
Title Shafers Medical Surgical Nursing
260 ## - PUBLICATION, DISTRIBUTION, ETC. (IMPRINT)
Name of publisher, distributor, etc. B I Publications
Place of publication, distribution, etc. New Delhi
Date of publication, distribution, etc. 1996
Holdings
Withdrawn status Lost status Damaged status Not for loan Collection code Home library Current library Date acquired Vendor Cost, normal purchase price Bill number Total Checkouts Full call number Barcode Date last seen Cost, replacement price Bill Date Koha item type Original Barcode
        MS Smt. Bakul Tambat Institute of Nursing Education Smt. Bakul Tambat Institute of Nursing Education 30/08/2001 S.K.Kothari,Pune. 520.00 9725   MS 610.73677 PHI B00428 BTIN-BK-428 11/04/2023 520.00 16/08/2006 Books B00428